[Event "20th Abu Dhabi Masters 2013"]
[Site "Abu Dhabi UAE"]
[Date "2013.07.06"]
[Round "8.10"]
[White "Ankit,R"]
[Black "Parligras,M"]
[Result "1-0"]
[WhiteElo "2428"]
[BlackElo "2565"]

1.e4 c5 2.Nf3 d6 3.Bb5+ Nd7 4.d4 cxd4 5.Qxd4 a6 6.Bxd7+ Bxd7 7.c4 Bg4 8.Nc3 Bxf3
9.gxf3 e6 10.Be3 Ne7 11.f4 Rc8 12.O-O Ng6 13.Ne2 Qh4 14.f3 Be7 15.Rad1 O-O
16.b3 Qh3 17.Qd2 Nh4 18.Ng3 b5 19.cxb5 axb5 20.Rf2 d5 21.Qe2 dxe4 22.fxe4 Rfd8
23.Rxd8+ Rxd8 24.a4 bxa4 25.bxa4 Bb4 26.Qf1 Qg4 27.Qe2 Qg6 28.f5 exf5 29.exf5 Qd6
30.Rf4 Re8 31.Ne4 Qc6 32.Rxh4 Rxe4 33.Qf3  1-0

[Event "ch-BEL Open 2013"]
[Site "Antwerp BEL"]
[Date "2013.07.06"]
[Round "1.14"]
[White "Kuciapa,A"]
[Black "Forster,Sv"]
[Result "0-1"]
[WhiteElo "1764"]
[BlackElo "2166"]

1.e4 c5 2.Nf3 d6 3.Bb5+ Nd7 4.c4 a6 5.Ba4 Nf6 6.Nc3 g6 7.O-O Bg7 8.d3 O-O
9.h3 Rb8 10.Be3 Qa5 11.Bd2 h6 12.Nd5 Qd8 13.Qc1 b5 14.Bb3 Kh7 15.Rb1 e6 16.Nxf6+ Nxf6
17.e5 dxe5 18.Nxe5 Qb6 19.Bc2 Bb7 20.Re1 b4 21.b3 Rbd8 22.a3 a5 23.a4 Nd7
24.Ng4 h5 25.Nh2 Ne5 26.Re3 Qc6 27.Nf3 Nxf3+ 28.Rxf3 Qd6 29.Rg3 f5 30.Bg5 Rd7
31.f4 Bd4+ 32.Kf1 e5 33.Qd2 h4 34.fxe5 Bxe5 35.Re3 f4 36.Re2 Bc3 37.Qd1 f3
38.Re4 Qh2 39.Rxh4+ Kg8 40.Rg4 fxg2+  0-1

[Event "36th Barbera Open"]
[Site "Barbera del Valles ESP"]
[Date "2013.07.06"]
[Round "3.25"]
[White "Raghavi,N"]
[Black "Plukkel,S"]
[Result "1-0"]
[WhiteElo "2097"]
[BlackElo "2314"]

1.e4 c5 2.Nf3 d6 3.Bb5+ Nc6 4.O-O Bd7 5.Re1 e5 6.c3 a6 7.Bxc6 Bxc6 8.d4 cxd4
9.cxd4 Qc7 10.Nc3 Nf6 11.Nd5 Nxd5 12.exd5 Bxd5 13.Bf4 e4 14.Ng5 f5 15.f3 Be7
16.fxe4 fxe4 17.Qh5+ g6 18.Qh6 Qb6 19.Rad1 O-O-O 20.Nxe4 Qxb2 21.Qh3+ Kb8
22.Nc3 Bf6 23.Nxd5 Bxd4+ 24.Kh1 Bc5 25.Qb3 Qxb3 26.axb3 Rhf8 27.Re7 Rf5 28.g4 Rff8
29.Rxh7 Rde8 30.Bg3 a5 31.Re7 Rxe7 32.Nxe7 Kc7 33.Kg2 g5 34.Nf5 Rf6 35.h4 gxh4
36.Bxh4 Rg6 37.Kf3 b5 38.Ra1 Bb4 39.Ne7 Rh6 40.Nd5+ Kc6 41.Nxb4+ axb4 42.Bg3 Kd5
43.Rd1+ Kc5 44.Bxd6+  1-0

[Event "IsBank TCh-TUR 2013"]
[Site "Denizli TUR"]
[Date "2013.07.06"]
[Round "8.9"]
[White "Karaoglan,Kivanc"]
[Black "Gokerkan,Cem Kaan"]
[Result "1-0"]
[WhiteElo "1718"]
[BlackElo "1888"]

1.e4 c5 2.Nf3 d6 3.Bb5+ Nd7 4.d4 a6 5.Bxd7+ Bxd7 6.Be3 cxd4 7.Nxd4 g6 8.Nc3 Bg7
9.Qd2 b5 10.a4 Nf6 11.f3 b4 12.Nce2 a5 13.O-O O-O 14.c3 Rb8 15.c4 Rc8 16.b3 e6
17.Rac1 Qe7 18.Nb5 d5 19.exd5 exd5 20.c5 Rfe8 21.Kf2 Rc6 22.Nd6 Rxd6 23.cxd6 Qxd6
24.g3 Bh3 25.Rfe1 Nd7 26.Nd4 Ne5 27.Bf4 Qb6 28.Rcd1 g5 29.Bxe5 Rxe5 30.Rxe5 Bxe5
31.Qxg5+ Bg7 32.Qxd5 Be6 33.Qa8+ Bf8 34.Kg2 Qc5 35.Qe4 Bd5 36.Qd3 Bg7 37.Nf5 Bxb3
38.Qxb3 Qxf5 39.Rd8+ Bf8 40.Rd5 Qf6 41.Rxa5 Qe7 42.Qd3 Qe6 43.Rg5+ Kh8 44.Qd8 Qh6
45.Rb5 f6 46.Rb8 Kg8 47.Rxb4 Qc1 48.Rg4+ Kf7 49.Qd7+ Be7 50.Qd5+ Ke8 51.Rg8+ Bf8
52.Qe6+ Kd8 53.Rxf8+ Kc7 54.Rc8+  1-0

[Event "Pacific Southwest Op"]
[Site "Los Angeles USA"]
[Date "2013.07.06"]
[Round "1"]
[White "Ronchetti,N"]
[Black "Kim,Willis A"]
[Result "1-0"]
[WhiteElo "2450"]
[BlackElo "1900"]

1.e4 c5 2.Nf3 d6 3.Bb5+ Nd7 4.d4 cxd4 5.Qxd4 Nf6 6.O-O a6 7.Bxd7+ Bxd7 8.Bg5 Bc6
9.Nc3 e6 10.Nd5 Bxd5 11.Bxf6 Qxf6 12.Qxf6 gxf6 13.exd5 Kd7 14.Rfe1 Bg7 15.Rad1 Rhe8
16.c3 Rac8 17.Rd3 Rc5 18.Red1 Rxd5 19.Rxd5 exd5 20.Kf1 Kc6 21.Nd4+ Kc5 22.Nb3+ Kc6
23.Na5+ Kc7 24.Nb3 Kc6 25.Rd3 Re5 26.Rg3 Rg5 27.Nd4+ Kd7 28.Rf3 Re5 29.Rf4 h5
30.Nf3 Re4 31.Rf5 Bh6 32.Rxf6 Bc1 33.Rxf7+ Kc6 34.b3 Bb2 35.Nd4+ Kb6 36.Ne2 Re5
37.h4 a5 38.a4 Ba3 39.Rg7 Bb2 40.Rg5 Kc5 41.Rxe5 dxe5 42.Ke1 b5 43.axb5 Kxb5
44.Kd2 a4 45.bxa4+ Kxa4 46.f3 Ba3 47.Ng3 Be7 48.Nf5 Bf6 49.g4 e4 50.g5 Be5
51.fxe4 dxe4 52.g6 Kb3 53.g7 Bxc3+ 54.Ke3  1-0

[Event "6th ch-Cent SRB Int 2013"]
[Site "Paracin SRB"]
[Date "2013.07.06"]
[Round "2.34"]
[White "Cvetanovic,U"]
[Black "Todorovic,Nenad I"]
[Result "1-0"]
[WhiteElo "2249"]
[BlackElo "2130"]

1.e4 c5 2.Nf3 d6 3.Bb5+ Nc6 4.O-O Bd7 5.Re1 Nf6 6.c3 a6 7.Bf1 Bg4 8.h3 Bh5
9.d3 e6 10.Nbd2 Be7 11.a3 d5 12.Qc2 Qc7 13.g3 O-O 14.Bg2 h6 15.Nh2 Bg6 16.f4 b5
17.Ng4 Rad8 18.Nf1 c4 19.Nxf6+ Bxf6 20.d4 dxe4 21.Bxe4 Bxe4 22.Qxe4 Ne7 23.g4 g6
24.Qf3 Bg7 25.Ng3 Qd7 26.Qe2 Nd5 27.h4 Qd6 28.Qe4 Rde8 29.Rf1 f5 30.Qf3 Nf6
31.g5 Ng4 32.gxh6 Bxh6 33.Kg2 Qd5 34.Rh1 Qxf3+ 35.Kxf3 Nf6 36.h5 Nxh5 37.Nxh5 gxh5
38.Rxh5 Bg7 39.Be3 Rd8 40.Rg1 Rf7 41.Bf2 Kf8 42.Bh4 Rd6 43.Rg6 Ke8 44.Bg5 a5
45.Rh7 Bf8 46.Rh8 Kd7 47.Bf6 Be7 48.Be5 Rc6 49.Ra8 Bd6 50.Rxa5 Bxe5 51.fxe5 Rh7
52.Rxb5 Kc7 53.Rg8 Rb6 54.Rxb6 Kxb6 55.Rg6 Kb5 56.Rxe6 Rh2 57.Rd6 Ka4 58.e6 Rh4
59.e7 Re4 60.Rd7 Kb3 61.d5  1-0

[Event "Commonwealth & RSA Open"]
[Site "Port Elizabeth RSA"]
[Date "2013.07.06"]
[Round "1.8"]
[White "Grover,S"]
[Black "Darling,Tiffany Charne"]
[Result "1-0"]
[WhiteElo "2487"]
[BlackElo "1559"]

1.e4 c5 2.Nf3 d6 3.Bb5+ Bd7 4.Bxd7+ Nxd7 5.O-O Ngf6 6.Qe2 Qc7 7.b3 g6 8.Bb2 Bg7
9.d4 cxd4 10.Nxd4 O-O 11.c4 a6 12.Nc3 Nc5 13.Rac1 Rac8 14.Rfd1 Rfd8 15.f3 Qb6
16.Kh1 e5 17.Nc2 Ne6 18.Ne3 Nf4 19.Qe1 Re8 20.Ned5 N4xd5 21.Nxd5 Nxd5 22.Rxd5 Rcd8
23.Rcd1 Re6 24.Ba3 Bf6 25.Qd2 Ree8 26.Bxd6 Rc8 27.Bb4 Bg7 28.Rd7 Qc6 29.Rd6 Qc7
30.Qd5 Qb8 31.Rd7 Rf8 32.Rxb7 Qa8 33.Bxf8 Rxf8 34.Rxf7 Qxd5 35.Rxf8+ Kxf8
36.Rxd5 Bf6  1-0

[Event "Commonwealth & RSA Open"]
[Site "Port Elizabeth RSA"]
[Date "2013.07.06"]
[Round "1.31"]
[White "Rooplal,Desmond"]
[Black "Nadig,K"]
[Result "0-1"]
[WhiteElo "1492"]
[BlackElo "2141"]

1.e4 c5 2.Nf3 d6 3.Bb5+ Bd7 4.Bxd7+ Qxd7 5.O-O Nc6 6.c3 Nf6 7.d4 cxd4 8.cxd4 d5
9.e5 Ne4 10.Re1 e6 11.Nbd2 Nxd2 12.Bxd2 h6 13.Rc1 Be7 14.Re3 Bd8 15.Rec3 Bb6
16.a3 O-O 17.Be3 Qe7 18.Qd2 f5 19.exf6 Qxf6 20.b4 Rad8 21.b5 Ne7 22.R3c2 Ra8
23.Ne5 Rfd8 24.a4 a5 25.f3 Nf5 26.Bf2 Qe7 27.g4 Nd6 28.Kh1 Rac8 29.Rxc8 Rxc8
30.Rxc8+ Nxc8 31.Qf4 Bc7 32.Bg3 Nb6 33.Qc1 Bxe5 34.Bxe5 Nc4 35.Bg3 Qb4 36.Qc2 Qa3
37.Qe2 Kf7 38.f4 Qa1+ 39.Kg2 Qxd4 40.f5 Ne3+ 41.Kh3 exf5 42.gxf5 Qe4 43.Qh5+ Kg8
44.Qg6 d4 45.Qe6+ Qxe6 46.fxe6 d3  0-1

[Event "41st TCh-GRE"]
[Site "Rio (Achaia) GRE"]
[Date "2013.07.06"]
[Round "6.7"]
[White "Tsolakidou,Stavroula"]
[Black "Pasoglou,Ekaterini"]
[Result "1-0"]
[WhiteElo "1956"]
[BlackElo "1609"]

1.e4 c5 2.Nf3 d6 3.Bb5+ Bd7 4.Bxd7+ Qxd7 5.c4 Nc6 6.d4 cxd4 7.Nxd4 g6 8.Nc3 Bg7
9.Nde2 Nf6 10.O-O O-O 11.f3 a6 12.a4 Rfd8 13.Bg5 e6 14.Rb1 Rac8 15.Qd2 Qc7
16.b3 Rd7 17.Rfd1 Rcd8 18.Qf4 Nh5 19.Bxd8 Qxd8 20.Qe3 Nf6 21.Rd2 Ne7 22.Rbd1 b6
23.a5 bxa5 24.Na4 Nc8 25.e5 dxe5 26.Rxd7 Nxd7 27.Qd2 Ncb6 28.Qxa5 Qb8 29.Qxa6 Bf8
30.Qb5 Qa7 31.Nxb6 Nxb6 32.Kh1 Qc7 33.Nc3 Kg7 34.Na4 Nxa4 35.bxa4 Bd6 36.c5  1-0

[Event "41st TCh-GRE"]
[Site "Rio (Achaia) GRE"]
[Date "2013.07.06"]
[Round "6.7"]
[White "Stamouli,Konstantina"]
[Black "Sfetsou,Christina"]
[Result "0-1"]
[WhiteElo "1286"]
[BlackElo "1243"]

1.e4 c5 2.Nf3 d6 3.Bb5+ Bd7 4.Bxd7+ Qxd7 5.O-O Nf6 6.Re1 Nc6 7.d4 cxd4 8.Nxd4 e6
9.b3 Be7 10.Bb2 O-O 11.c4 Rac8 12.Nxc6 Qxc6 13.Nc3 Rfd8 14.Rc1 Qc5 15.Re3 Nh5
16.e5 g6 17.Ne4 Qb6 18.Nf6+ Bxf6 19.exf6 Qc5 20.Qf3 Qc6 21.Qxc6 Rxc6 22.Rd3 Nf4
23.Rf3 Ne2+ 24.Kf1 Nxc1 25.Bxc1 d5 26.Rd3 d4 27.Be3 e5 28.Bg5 e4 29.Rd2 d3
30.Ke1 a6 31.Kd1 b5 32.cxb5 axb5 33.f3 Rcd6 34.h4 Re6 35.fxe4 Rxe4 36.Kc1 Re2
37.Rxe2 dxe2 38.Bd2 Rd5 39.Be1 Rf5 40.Kd2 Rxf6 41.Kxe2 Ra6 42.Kf3 Rxa2 43.b4 f5
44.Bf2 Rc2 45.Bc5 Rc4 46.g3 Kf7 47.Ke3 h6 48.Kf3 Kf6 49.Bd6 Rc3+ 50.Kf2 Rc4
51.Ke3 g5 52.hxg5+ hxg5 53.Kf3 Ke6 54.Bf8 g4+ 55.Ke3 Re4+ 56.Kd3 Kd5 57.Bc5 Re1
58.Bf2 Rb1 59.Kc3 Ke4 60.Bc5 Kf3 61.Bd6 Rg1  0-1

[Event "41st TCh-GRE"]
[Site "Rio (Achaia) GRE"]
[Date "2013.07.06"]
[Round "6.1"]
[White "Maier,C"]
[Black "Balaskas,N"]
[Result "1-0"]
[WhiteElo "2360"]
[BlackElo "2189"]

1.e4 c5 2.Nf3 d6 3.Bb5+ Bd7 4.c4 Nf6 5.Nc3 g6 6.O-O Bg7 7.h3 O-O 8.Bxd7 Nbxd7
9.d3 a6 10.Bg5 Rb8 11.a4 Ne5 12.Nxe5 dxe5 13.a5 Qd6 14.Qd2 e6 15.Na4 Nd7
16.Be3 Rbc8 17.Rfd1 Rfd8 18.b4 cxb4 19.c5 Qe7 20.Qxb4 Nb8 21.Rab1 Rc7 22.Qa3 Nc6
23.Nb6 Nd4 24.Bxd4 Rxd4 25.Rdc1 Bf8 26.Rc3 Rxc5 27.Nc4 Rb5 28.Qc1 Qd7 29.Qc2 h5
30.Rxb5 Qxb5 31.Rb3 Qa4 32.Qb1 Bc5 33.Rxb7 Rd8 34.g3 Bd4 35.Kg2 Kg7 36.h4 Qa1
37.Qc2 Qc3 38.Qe2 Bc5 39.Qf3 Rf8 40.Rd7 Qa1 41.d4 exd4 42.Ne5 Qc1 43.Rxf7+  1-0

[Event "Polugaevsky Mem 2013"]
[Site "Samara RUS"]
[Date "2013.07.06"]
[Round "5.6"]
[White "Mokshanov,A"]
[Black "Gabrielian,A"]
[Result "0-1"]
[WhiteElo "2421"]
[BlackElo "2544"]

1.e4 c5 2.Nf3 d6 3.Bb5+ Nc6 4.Bxc6+ bxc6 5.O-O e5 6.c3 f5 7.exf5 Be7 8.d4 e4
9.Nfd2 Nf6 10.f3 exf3 11.Nxf3 Bxf5 12.dxc5 O-O 13.Nd4 Bg4 14.Qb3+ d5 15.h3 Bxc5
16.Be3 Qe8 17.Re1 Bxh3 18.gxh3 Qg6+ 19.Kh2 Bd6+ 20.Kh1 Qg3  0-1

[Event "ch-BEL Experten 2013"]
[Site "Antwerp BEL"]
[Date "2013.07.07"]
[Round "2.5"]
[White "Soors,S"]
[Black "Van der Stricht,G"]
[Result "1/2-1/2"]
[WhiteElo "2405"]
[BlackElo "2369"]

1.e4 c5 2.Nf3 d6 3.Bb5+ Bd7 4.Bxd7+ Qxd7 5.O-O Nc6 6.Qe2 g6 7.c3 Bg7 8.Rd1 e5
9.Na3 Nge7 10.d4 exd4 11.cxd4 Nxd4 12.Nxd4 cxd4 13.Nb5 Nc6 14.Bf4 O-O 15.Nxd6 Ne5
16.Bxe5 Bxe5 17.Nc4 Bc7 18.Rac1 Rfe8 19.g3 Rad8 20.Qd3 Qe6 21.Re1 b5 22.Na3 Ba5
23.Re2 a6 24.Nb1 Rc8 25.Rd1 Bb6 26.Nd2 Qxa2 27.e5 Re6 28.Ne4 Qc4 29.Qf3 Qc6
30.Rdd2 Kg7 31.Rc2 Qa8 32.Rxc8 Qxc8 33.Nd6 Qd7 34.Qd5 Qc7 35.b4 Qc3 36.Kg2 d3
37.Re4 Re7 38.h4 Bc7 39.h5 d2 40.h6+ Kxh6 41.Nxf7+ Kg7 42.e6 Qf6 43.Qxd2 Rxe6
44.Ng5 Rxe4 45.Nxe4 Qe7 46.Qd5 a5 47.bxa5 Bxa5 48.f4 Bb6 49.g4 Qc7 50.f5 gxf5
51.gxf5 Be3 52.f6+ Kf8 53.Nd6 Ba7 54.Nxb5 Qb6 55.Qa8+ Kf7 56.Qxa7+ Qxa7 57.Nxa7 Kxf6
58.Nb5  1/2-1/2

[Event "41st Annual World Open"]
[Site "Arlington USA"]
[Date "2013.07.07"]
[Round "9.1"]
[White "Bruzon Batista,L"]
[Black "Gelashvili,T"]
[Result "1/2-1/2"]
[WhiteElo "2689"]
[BlackElo "2572"]

1.e4 c5 2.Nf3 d6 3.Bb5+ Bd7 4.Bxd7+ Qxd7 5.c4 Nf6 6.Nc3 Nc6 7.d4 cxd4 8.Nxd4 Qg4
9.Qxg4 Nxg4 10.Nxc6 bxc6 11.Bf4 g5 12.Bxg5 Ne5 13.b3 Rg8 14.Bh4 Rg4 15.Bg3 Bg7
16.Kd2 Ng6 17.Rae1 h5 18.h3 Rg5 19.h4 Rg4 20.Kc2 O-O-O 21.Nb1 Bf6 22.Nd2 Nxh4
23.Bxh4 Rxh4 24.Rxh4 Bxh4 25.g3 Bf6 26.Nf3 e6 27.e5 dxe5 28.Nxe5 Bxe5 29.Rxe5  1/2-1/2

[Event "V4 Int Open ch-SVK 2013"]
[Site "Banska Stiavnica SVK"]
[Date "2013.07.07"]
[Round "2.53"]
[White "Simo,Marian"]
[Black "Sepesi,Samuel"]
[Result "0-1"]
[WhiteElo "1844"]
[BlackElo "1954"]

1.e4 c5 2.Nf3 d6 3.Bb5+ Bd7 4.Bxd7+ Qxd7 5.O-O g6 6.c3 Nf6 7.Re1 Bg7 8.d4 O-O
9.Bg5 Qc7 10.e5 dxe5 11.dxe5 Ng4 12.Qe2 Nc6 13.Bf4 h5 14.h3 Nh6 15.Qe3 Nf5
16.Qxc5 Rac8 17.Qc4 Qb6 18.Qe2 Nd8 19.Na3 Ne6 20.Bh2 Rfd8 21.Nc4 Qa6 22.Ne3 Qxe2
23.Rxe2 Nxe3 24.Rxe3 Rd5 25.Rae1 Bh6 26.R3e2 Rcd8 27.Kf1 Rd3 28.Bg3 a6 29.Bh2 R8d7
30.Rc2 Kf8 31.Bg3 Ke8 32.Ke2 Kf8 33.Nd4 Nxd4+ 34.Kxd3 Nxc2+ 35.Kxc2 Rd2+
36.Kb3 e6 37.Re4 Ke8 38.Rd4 Re2 39.Rb4 Bc1 40.Ka4 b5+ 41.Ka5 Bxb2 42.Kxa6 Bxc3
43.Rxb5 Rxa2+ 44.Kb7 Bd4 45.Kc6 Bxf2 46.Bf4 Ra6+ 47.Kc7 Ra7+ 48.Kb8 Ra4 49.g3 h4
50.Kc7 Rc4+ 51.Kd6 Rd4+ 52.Kc6 hxg3 53.Bg5 Rc4+ 54.Kd6 Rc8 55.Bh4 g5  0-1

[Event "IsBank TCh-TUR 2013"]
[Site "Denizli TUR"]
[Date "2013.07.07"]
[Round "10.5"]
[White "Klinova,M"]
[Black "Atakisi,U"]
[Result "1/2-1/2"]
[WhiteElo "2322"]
[BlackElo "2351"]

1.e4 c5 2.Nf3 d6 3.Bb5+ Bd7 4.Bxd7+ Qxd7 5.c4 Nf6 6.Nc3 g6 7.d4 cxd4 8.Nxd4 Bg7
9.f3 O-O 10.Be3 Nc6 11.Rc1 a6 12.O-O Nxd4 13.Bxd4 b5 14.cxb5 axb5 15.a3 Qb7
16.Ne2 b4 17.a4 b3 18.Nc3 Rfc8 19.Qd3 Nd7 20.Bxg7 Kxg7 21.Qd4+ f6 22.Ra1 Ra5
23.Rfd1 Nc5 24.h3 Rca8 25.Qc4 Qa7 26.Kf1 Nxa4 27.Nxa4 Rxa4 28.Rxa4 Qxa4 29.Qxa4 Rxa4
30.Rd3 Rb4 31.Ke2 f5 32.exf5 gxf5 33.Kd2 Kf6 34.Kc3 Rb8 35.Rd4 h5 36.g4 hxg4
37.hxg4 fxg4 38.Rxg4 Kf5 39.Rg7 e6 40.Kc4 d5+ 41.Kd3 Ke5 42.Rf7 Rb4 43.Ke3 Kd6
44.Rf8 Ke7 45.Rh8 Kf7 46.Ra8 Kf6 47.Rf8+ Ke5 48.Rf7 Rb8 49.Ra7 Rb6 50.Rf7 Kd6
51.Rf8 Kc5 52.Kd3 Kd6 53.Ke3 e5 54.Rh8 Kc5 55.Rf8 Rh6 56.Rc8+ Rc6 57.Re8 Kc4
58.Rxe5 Rh6 59.Re8 Rh2 60.Rc8+ Kb4 61.Rb8+ Kc4 62.Rc8+ Kb4 63.Rb8+  1/2-1/2

[Event "St. Pauli Open 2013"]
[Site "Hamburg GER"]
[Date "2013.07.07"]
[Round "2.15"]
[White "Light,B"]
[Black "Bigalke,A"]
[Result "1-0"]
[WhiteElo "2271"]
[BlackElo "2081"]

1.e4 c5 2.Nf3 d6 3.Bb5+ Nd7 4.O-O a6 5.Be2 Ngf6 6.d3 g6 7.a4 b6 8.Nbd2 Bb7
9.Re1 Bg7 10.Bf1 O-O 11.g3 Qc7 12.Bg2 b5 13.Nh4 e5 14.f4 exf4 15.gxf4 Nh5
16.f5 c4 17.Ndf3 d5 18.exd5 cxd3 19.Qxd3 Nc5 20.Qa3 Nxa4 21.Re7 Qb8 22.fxg6 fxg6
23.Ng5 Be5 24.Qh3 Bc8 25.Ne6 Qd6 26.Bg5 Nc5 27.Re1 Rb8 28.Nf3 Bxb2 29.Qh4 Nxe6
30.dxe6 Bb7 31.Rd7 Qc5+ 32.Be3 Qf5 33.Qe7 g5 34.Rxb7 Bf6 35.Qf7+ Rxf7 36.exf7+ Kg7
37.Rxb8 Kxf7 38.Nd4 Qe5 39.Rb7+ Kg6 40.Bf2  1-0

[Event "Commonwealth & RSA Open"]
[Site "Port Elizabeth RSA"]
[Date "2013.07.07"]
[Round "3.13"]
[White "Kromhout,Alexander"]
[Black "L'Ami,Alina"]
[Result "0-1"]
[WhiteElo "1952"]
[BlackElo "2356"]

1.e4 c5 2.Nf3 d6 3.Bb5+ Bd7 4.Bxd7+ Qxd7 5.O-O Nc6 6.c3 Nf6 7.Re1 e6 8.d4 cxd4
9.cxd4 d5 10.exd5 Nxd5 11.Nc3 Be7 12.Ne4 O-O 13.a3 Rfd8 14.Qe2 Nf6 15.Nxf6+ Bxf6
16.Be3 Qe7 17.Rad1 Rd5 18.Rd2 Rad8 19.Red1 Qc7 20.Qc4 Qb6 21.b4 a5 22.bxa5 Nxa5
23.Qa4 h6 24.h3 Rc8 25.Rc2 Rxc2 26.Qxc2 Qd8 27.Rb1 Qd7 28.Rb6 Qe7 29.a4 Nc6
30.Qb1 Rd7 31.Qb5 Kh7 32.Ne5 Bxe5 33.dxe5 Rd1+ 34.Kh2 Nd8 35.Qc5 Qxc5 36.Bxc5 Ra1
37.Be7 Nc6 38.Bd6 Rxa4 39.Rxb7 Kg6 40.Rc7 Nd4 41.Rd7 Ra2 42.Bc5 Nc6 43.f4 Rc2
44.Bb6 Nb4 45.Ba5 Nd5 46.f5+ Kxf5 47.Rxf7+ Kg6 48.Rd7 Re2 49.Bc7 Nxc7 50.Rxc7 Rxe5
51.Kg3 Rf5 52.Rc6 Kf6 53.Ra6 Rb5 54.Ra7 h5 55.Kf3 Rb3+ 56.Ke4 h4 57.Ra5 Rb4+
58.Kf3 g5 59.Rc5 Rb3+ 60.Ke4 Rb1 61.Ra5 Rf1 62.Ra8 Rf4+ 63.Ke3 Rb4 64.Ra5 Rf4
65.Ra8 Rf5 66.Rf8+ Kg7 67.Re8 Rf6 68.Ra8 Rf7 69.Ra6 Kf6 70.Ra5 Rd7 71.Rb5 Rd5
72.Rb8 Ra5 73.Ke4 Ra4+ 74.Kf3 Kf5 75.Rb5+ e5 76.Rb3 Ke6 77.Ke3 Rc4 78.Ra3 Kd5
79.Ra5+ Rc5 80.Ra3 e4 81.Rb3 Ra5 82.Rc3 Ra2 83.Rc8 Rxg2 84.Rd8+ Ke5 85.Re8+ Kf6
86.Rf8+ Kg7 87.Ra8 Rg3+ 88.Kxe4 Rxh3 89.Kf5 Rg3 90.Ra7+ Kh6  0-1

[Event "41st TCh-GRE"]
[Site "Rio (Achaia) GRE"]
[Date "2013.07.07"]
[Round "7.7"]
[White "Tsolakidou,Stavroula"]
[Black "Avramidou,Anastasia"]
[Result "1-0"]
[WhiteElo "1956"]
[BlackElo "1875"]

1.e4 c5 2.Nf3 d6 3.Bb5+ Bd7 4.Bxd7+ Qxd7 5.c4 g6 6.d4 Bg7 7.Nc3 cxd4 8.Nxd4 Nc6
9.Nde2 Nf6 10.O-O O-O 11.f3 Rac8 12.Bg5 h6 13.Bh4 Rfd8 14.Qd2 Kh7 15.b3 Qe8
16.Rfd1 a6 17.a4 Nd7 18.Rab1 Nc5 19.Nd5 Ne6 20.Kh1 Rb8 21.a5 Nf8 22.b4 Ne5
23.Rdc1 Rdc8 24.Nb6 Rc7 25.f4 Ng4 26.Nd5 Rd7 27.h3 Nf6 28.Nxf6+ exf6 29.Nc3 Qe6
30.Qd3 Qe8 31.Nd5 Ne6 32.Rf1 Qh8 33.f5 Ng5 34.Bg3 Kg8 35.h4 Nh7 36.Bxd6 Rbd8
37.Bc5 Bf8 38.Bd4 Be7 39.fxg6 fxg6 40.Qc3 Kf7 41.e5 h5 42.Rbe1 Nf8 43.e6+ Nxe6
44.Bxf6 Bxf6 45.Rxf6+ Kg7 46.Rexe6 Kh7 47.Qg3  1-0

[Event "V4 Int Open ch-SVK 2013"]
[Site "Banska Stiavnica SVK"]
[Date "2013.07.08"]
[Round "3.21"]
[White "Jancura,A"]
[Black "Vojtek,V"]
[Result "0-1"]
[WhiteElo "1885"]
[BlackElo "2278"]

1.e4 c5 2.Nf3 d6 3.Bb5+ Nd7 4.d4 cxd4 5.Qxd4 e5 6.Qd3 Be7 7.O-O h6 8.c4 Nf6
9.Nc3 O-O 10.Bxd7 Bxd7 11.b3 Rc8 12.Rd1 a6 13.a4 Bg4 14.Ba3 Rc6 15.Nd5 Nxd5
16.exd5 Rc7 17.h3 Bxf3 18.Qxf3 f5 19.Qe2 e4 20.Bb2 Bf6 21.Bd4 Bxd4 22.Rxd4 Re7
23.Rc1 Qb6 24.c5 dxc5 25.d6 Rd7 26.Qc4+ Rff7 27.Qxc5 Qxc5 28.Rxc5 Rf6 29.Rc7 Rdxd6
30.Rxd6 Rxd6 31.Rxb7 Rd1+ 32.Kh2 f4 33.Re7 Rd4 34.h4 h5 35.Kg1 Rd1+ 36.Kh2 Rd4
37.Kg1 Rb4 38.Kf1 f3 39.gxf3 exf3 40.Re3 Rf4 41.Kg1 Rg4+ 42.Kh2 Rxh4+ 43.Kg3 Rb4
44.Kxf3 Kf7 45.Rc3 Rb6 46.Kg2 g6 47.a5 Rb5 48.Rc7+ Kf6 49.Rc6+ Kf5 50.Rxa6 Rxb3
51.Ra8 Kg4 52.Rc8 Ra3 53.Rc4+ Kg5 54.Rc5+ Kh6 55.Rb5 h4 56.Rc5 g5 57.Rc6+ Kh5
58.Rc5 Ra4 59.a6 Kg4 60.f3+ Kf4 61.Rc2 Rxa6 62.Rc4+ Kf5 63.Rc5+ Kf6 64.Rc8 Ra4
65.Rc5 Kg6 66.Rc8 Ra5 67.f4 Ra2+ 68.Kf3 Ra3+ 69.Kf2 g4 70.Rg8+ Kf5 71.Rf8+ Ke4
72.Re8+ Kxf4 73.Rf8+ Ke5 74.Re8+ Kf6 75.Rg8 g3+ 76.Kg2 Ra2+ 77.Kg1 Kf5 78.Rf8+ Kg4
79.Rb8 Ra1+  0-1

[Event "9th Baltic Pearl 2013"]
[Site "Lazy POL"]
[Date "2013.07.08"]
[Round "9.11"]
[White "Poswiatowski,M"]
[Black "Eggink,R"]
[Result "0-1"]
[WhiteElo "2067"]
[BlackElo "2121"]

1.e4 c5 2.Nf3 d6 3.Bb5+ Bd7 4.Bxd7+ Nxd7 5.O-O Ngf6 6.Qe2 g6 7.c3 Bg7 8.d4 O-O
9.Re1 Ne8 10.Nbd2 Nc7 11.b4 cxb4 12.cxb4 b5 13.Nb3 Nb6 14.Bb2 Nc4 15.Bc3 Ne6
16.g3 Rc8 17.Rac1 Bh6 18.Nfd2 d5 19.f4 dxe4 20.Qxe4 Nxd2 21.Bxd2 Rc4 22.Be3 Rxb4
23.Qb7 Bg7 24.Red1 Rc4 25.Qxb5 Rxc1 26.Bxc1 Nxd4 27.Qd3 Nc6 28.Qf3 Qc7 29.Be3 Nb4
30.Qf2 a6 31.Bc5 Nc6 32.Qe2 a5 33.Qa6 Rb8 34.Rc1 Nd4 35.Nxa5 Rb2 36.Qa8+ Bf8
37.Rc4 Ne2+ 38.Kf1 Qd7 39.Bd4 Nxd4 40.Rc8 Qh3+ 41.Ke1 Ne6  0-1

[Event "6th ch-Cent SRB Int 2013"]
[Site "Paracin SRB"]
[Date "2013.07.08"]
[Round "4.45"]
[White "Kovacevic,Boz"]
[Black "Tisma,I"]
[Result "0-1"]
[WhiteElo "1933"]
[BlackElo "2096"]

1.e4 c5 2.Nf3 d6 3.Bb5+ Bd7 4.Bxd7+ Qxd7 5.c4 Nf6 6.Nc3 g6 7.d4 cxd4 8.Nxd4 Bg7
9.O-O O-O 10.Be3 Nc6 11.Rc1 Rfc8 12.b3 Ng4 13.Nxc6 bxc6 14.Bf4 c5 15.h3 Ne5
16.Bxe5 Bxe5 17.f4 Bd4+ 18.Kh1 Qb7 19.Qd3 a5 20.f5 Bxc3 21.Rxc3 a4 22.fxg6 hxg6
23.Qg3 Rf8 24.Qg4 Qc8 25.Qg5 Qe6 26.Rf4 axb3 27.axb3 Kg7 28.Rh4 Rh8 29.Rxh8 Rxh8
30.Qf4 Ra8 31.Re3 f6 32.Kh2 Rh8 33.Kg1 Qd7 34.Rg3 g5 35.Qg4 Qxg4 36.Rxg4 Kf7
37.Kf2 Ke6 38.Ke3 Rb8 39.g3 Rxb3+ 40.Kd2 Ke5 41.h4 gxh4 42.gxh4 Kd4 43.Kc2 Rh3
44.Rg7 Rxh4 45.Rxe7 Rxe4 46.Rd7 Re6 47.Kb3 f5  0-1

[Event "6th ch-Cent SRB Int 2013"]
[Site "Paracin SRB"]
[Date "2013.07.08"]
[Round "4.36"]
[White "Popovic,Milan S"]
[Black "Lazov,Toni"]
[Result "0-1"]
[WhiteElo "2212"]
[BlackElo "1921"]

1.e4 c5 2.Nf3 d6 3.Bb5+ Nd7 4.d4 cxd4 5.Qxd4 Nf6 6.O-O g6 7.c4 Bg7 8.Bxd7+ Bxd7
9.h3 O-O 10.Qd3 Rc8 11.Be3 a6 12.Nc3 Qc7 13.Nd2 Be6 14.Nd5 Bxd5 15.exd5 Nd7
16.Rab1 Ne5 17.Qe2 Qa5 18.a3 b5 19.b4 Qxa3 20.cxb5 axb5 21.Qxb5 Rb8 22.Qa5 Qd3
23.Rb3 Qe2 24.b5 Nc4 25.Nxc4 Qxc4 26.Qb4 Qxd5 27.b6 Rb7 28.Rc1 Rfb8 29.Rc7 Be5
30.g3 Qe6 31.Rxb7 Rxb7 32.Qa4 Kg7 33.Kh2 d5 34.Rb5 Qd7 35.Qb4 Bf6 36.Ra5 d4
37.Bf4 Qc6 38.Rb5 Qf3 39.Qd2 h5 40.h4 Qc6 41.Qb4 Qc3 42.Qxc3 dxc3 43.Bc7 Bd4
44.Rb1 Bxf2 45.Be5+ f6 46.Bxc3 Rxb6 47.Rf1 Bc5 48.Rf3 Bd6 49.Kg2 Kf7 50.Re3 e5
51.Be1 Rb2+ 52.Kf1 Bb4 53.Bxb4 Rxb4 54.Rc3 Ke6 55.Kg2 Rd4 56.Rc2 Rd5 57.Re2 f5
58.Ra2 e4 59.Ra6+ Rd6 60.Ra5 Kf6 61.Kf2 g5 62.hxg5+ Kxg5 63.Ra8 Rg6 64.Rh8 Rg7
65.Ke2 Kg4 66.Kf2 Kg5 67.Ke2 Rg6 68.Ke3 Rg7 69.Ke2 Kg6 70.Ke3 Rh7 71.Rg8+ Kf6
72.Kf4 h4 73.g4 fxg4 74.Rxg4 h3 75.Rg1 h2 76.Rh1 Rh4+ 77.Kg3 Kg5 78.Kg2 Kg4
79.Kf2 Kf4 80.Kg2 e3 81.Rf1+ Ke4 82.Rh1 Rh7 83.Kg3 Rg7+  0-1

[Event "3rd SPAChess Open"]
[Site "Amsterdam NED"]
[Date "2013.07.09"]
[Round "4.6"]
[White "Van der Poel,H"]
[Black "Kevlishvili,Robby"]
[Result "1-0"]
[WhiteElo "2266"]
[BlackElo "2047"]

1.e4 c5 2.Nf3 d6 3.Bb5+ Bd7 4.Bxd7+ Qxd7 5.O-O Nc6 6.Qe2 g6 7.c3 Bg7 8.Rd1 Nf6
9.d4 cxd4 10.cxd4 O-O 11.Nc3 Rfc8 12.e5 Ne8 13.Qe4 b5 14.Bg5 b4 15.Nd5 e6
16.Nf6+ Nxf6 17.exf6 d5 18.Qh4 Bf8 19.Bh6 Qd8 20.Ng5 Bxh6 21.Qxh6 Qxf6 22.Qxh7+ Kf8
23.Qh4 Ke7 24.Rd3 Rh8 25.Qg3 Nxd4 26.Qc7+ Kf8 27.Nxf7 Qxf7 28.Qc5+ Kg7 29.Qxd4+ Qf6
30.Qxb4 Rhb8 31.Qd6 Rb7 32.Re1 Rxb2 33.Rf3 Re2 34.Rb1 Qd8 35.Qa6 Qb6 36.Qb7+ Qxb7
37.Rxb7+ Kg8 38.h3 Rxa2 39.Rf6 Re8 40.Rxg6+ Kh8 41.Rb4 Kh7 42.Rg3  1-0

[Event "3rd SPAChess Open"]
[Site "Amsterdam NED"]
[Date "2013.07.09"]
[Round "4.31"]
[White "Offringa,Joo"]
[Black "Senders,Mischa"]
[Result "1/2-1/2"]
[WhiteElo "2145"]
[BlackElo "2058"]

1.e4 c5 2.Nf3 d6 3.Bb5+ Bd7 4.Bxd7+ Qxd7 5.O-O Nc6 6.Qe2 Nf6 7.Rd1 g6 8.c3 Bg7
9.d4 cxd4 10.cxd4 d5 11.e5 Ne4 12.Ne1 f6 13.f3 Ng5 14.Bxg5 fxg5 15.Nc2 O-O
16.Nc3 e6 17.a4 Rfc8 18.Qd2 Qd8 19.b4 Bf8 20.Rdc1 b6 21.Ne2 a5 22.b5 Ne7
23.Ne3 Nf5 24.Ng4 Bb4 25.Qd3 Rc4 26.Nf6+ Kg7 27.Kh1 Rac8 28.g4 Nh4 29.f4 h6
30.Qe3 Rc2 31.Rf1 Bd2 32.Qg3 Bc3 33.Rac1 Rxe2 34.Rxc3 Rc2 35.Rxc2 Rxc2 36.fxg5 hxg5
37.Qe3 Kh6 38.Qa3 Qc8 39.Qe7 Rxh2+ 40.Kg1  1/2-1/2

[Event "ch-NED w 2013"]
[Site "Amsterdam NED"]
[Date "2013.07.09"]
[Round "5.1"]
[White "Van Weersel,A"]
[Black "Schut,L"]
[Result "0-1"]
[WhiteElo "2176"]
[BlackElo "2277"]

1.e4 c5 2.Nf3 d6 3.Bb5+ Nd7 4.O-O a6 5.Bd3 g6 6.c3 Bg7 7.Bc2 c4 8.b3 b5 9.a4 Bb7
10.Qe2 cxb3 11.Bxb3 Nc5 12.Bc2 Nxa4 13.Na3 Nb6 14.d4 Nf6 15.Ng5 h6 16.Nh3 d5
17.e5 Ne4 18.e6 f5 19.Nf4 O-O 20.Nxg6 Rf6 21.Nf4 Rc8 22.Nb1 Qd6 23.Qf3 b4
24.Bxe4 dxe4 25.Qg3 Nd5 26.Nxd5 Qxd5 27.Bf4 Qxe6 28.cxb4 Rg6 29.Qe3 Rc4 30.Rd1 Qd5
31.Ra5 Qf7 32.Bg3 Rxb4 33.d5 Rgb6 34.Nd2 Bxd5 35.Qc5 e6 36.Rxa6 Bf8 37.Qa5 Rxa6
38.Qxa6 f4 39.Bxf4 Qxf4 40.Nf1 Rb2 41.Qa7 Rc2 42.Rb1 Rc1  0-1